Obraz gospodarki rolnej w Polsce w XV i XVI wieku : (Rekord nr 27811)
| 000 -Nagłówek | |
|---|---|
| fixed length control field | 00699nam a2200193 i 4500 |
| 001 - Nr kontrolny bibl., która utworzyła rek. | |
| control field | xx001126739 |
| 003 - Siglum bibl., której nr kontr. jest w 001 | |
| control field | NUKAT |
| 005 - Data i czas ostatniej operacji | |
| control field | 20260427214007.0 |
| 008 - Elementy pola stałej długości | |
| fixed length control field | 080526s1936 pl r |000 0 pol c |
| 035 ## - Systemowy numer kontrolny | |
| systemowy numer kontrolny | (OCoLC)749909170 |
| 035 ## - Systemowy numer kontrolny | |
| systemowy numer kontrolny | (NUKAT)xx001126739 |
| 040 ## - Instytucja sporządzająca opis | |
| Instytucja, która sporządziła opis | WA U/76BM |
| Instytucja, która sporządziła rekord | WA U/BM |
| Instytucja, która zmodyfikowała rekord | WA U/76DP |
| 100 1# - Hasło główne-nazwa osobowa | |
| Nazwa osobowa | Górzyński, Stefan |
| Daty biograficzne | (1898-1961). |
| 9 (RLIN) | 40703 |
| 245 10 - Tytuł właściwy i oznaczenie odpow. | |
| tytuł | Obraz gospodarki rolnej w Polsce w XV i XVI wieku : |
| dodatek do tytułu | (na tle stosunków handlowych) / |
| dod. inf. ze s. tyt./ozn. odpow. | Stefan Górzyński. |
| 260 ## - Adres wydawniczy | |
| miejsce wydania, dystrybucji itp. | Warszawa : |
| nazwa wydawcy, dystrybutora itp. | nakł. Wydawnictwa "Świat Współczesny", |
| data wydania, dystrybucji itp. | 1936 |
| miejsce druku | (Piotrków : |
| nazwa drukarni | Drukarnia Polska Józefa Waleckiego). |
| 300 ## - Opis fizyczny | |
| objętość i/lub forma materiału | 26 s. ; |
| format | 22 cm. |
| 510 3# - Uwaga o cytowaniu lub źródłach opisu bibliogr. | |
| nazwa źródła | BP 1901-1939 online. |
| 942 ## - ADDED ENTRY ELEMENTS (KOHA) | |
| Source of classification or shelving scheme | Dewey Decimal Classification |
| Koha item type | pozycje dostępne na miejscu |
| Status wycofania | Status zagubienia | Klasyfikacja | Status uszkodzenia | Blokada wypożyczeń | Kolekcja | Lokalizacja macierzysta | Lokalizacja bieżąca | Data nabycia | Numer akcesji | Źródło akcesji | Nr inwentarzowy | il. wypożyczeń | Sygnatura | Kod kreskowy | Date last seen | Price effective from | Typ egz. |
|---|---|---|---|---|---|---|---|---|---|---|---|---|---|---|---|---|---|
| Dewey Decimal Classification | nieuszkodzona | Pracownia Badań Księgozbiorów Historycznych | Biblioteka Instytutu Północnego w Olsztynie | Pracownia Badań Księgozbiorów Historycznych | 27/04/2026 | K-25/1966 | kupno | 16657 | 16657 | IPWK22198 | 27/04/2026 | 27/04/2026 | pozycje dostępne na miejscu |